LEADER 05064 am 22007933u 450 001 9910300635003321 005 20200705125008.0 010 $a3-319-76696-1 024 7 $a10.1007/978-3-319-76696-6 035 $a(CKB)3810000000358733 035 $a(DE-He213)978-3-319-76696-6 035 $a(MiAaPQ)EBC5430875 035 $a(Au-PeEL)EBL5430875 035 $a(OCoLC)1040612334 035 $a(EXLCZ)993810000000358733 100 $a20180614d2018 u| 0 101 0 $aeng 135 $aurnn#008mamaa 181 $ctxt$2rdacontent 182 $cc$2rdamedia 183 $acr$2rdacarrier 200 10$aWell-being, Sustainability and Social Development$b[electronic resource] $eThe Netherlands 1850?2050 /$fby Harry Lintsen, Frank Veraart, Jan-Pieter Smits, John Grin 205 $a1st ed. 2018. 210 1$aCham :$cSpringer International Publishing :$cImprint: Springer,$d2018. 215 $a1 online resource (XXXII, 572 p. 86 illus., 59 illus. in color.) 311 $a3-319-76695-3 327 $a1. Introduction -- 2. Appreciations -- 3. The Dutch Case -- 4. Method and Theory -- 5. The Big Picture -- 6. Residual Issues -- 7. Suggestions for future research. 330 $aThis open access book examines more than two centuries of societal development using novel historical and statistical approaches. It applies the well-being monitor developed by Statistics Netherlands that has been endorsed by a significant part of the international, statistical community. It features The Netherlands as a case study, which is an especially interesting example; although it was one of the world?s richest countries around 1850, extreme poverty and inequality were significant problems of well-being at the time. Monitors of 1850, 1910, 1970 and 2015 depict the changes in three dimensions of well-being: the quality of life 'here and now', 'later' and 'elsewhere'. The analysis of two centuries shows the solutions to the extreme poverty problem and the appearance of new sustainability problems, especially in domestic and foreign ecological systems. The study also reveals the importance of natural capital: soil, air, water and subsoil resources, showing their relation with the social structure of the ?here and now“. Treatment and trade of natural resources also impacted on the quality of life ?later? and ?elsewhere.? Further, the book illustrates the role of natural capital by dividing the capital into three types of raw materials and concomitant material flows: bio-raw materials, mineral and fossil subsoil resources. Additionally, the analysis of the institutional context identifies the key roles of social groups in well-being development. The book ends with an assessment of the solutions and barriers offered by the historical anchoring of the well-being and sustainability issues. This unique analysis of well-being and sustainability and its institutional analysis appeals to historians, statisticians and policy makers. 606 $aPhilosophy of nature 606 $aEconomic development?Environmental aspects 606 $aConservation biology 606 $aEcology  606 $aGeoecology 606 $aEnvironmental geology 606 $aEthics 606 $aSocial history 606 $aPhilosophy of Nature$3https://scigraph.springernature.com/ontologies/product-market-codes/E34040 606 $aDevelopment and Sustainability$3https://scigraph.springernature.com/ontologies/product-market-codes/913110 606 $aConservation Biology/Ecology$3https://scigraph.springernature.com/ontologies/product-market-codes/L19150 606 $aGeoecology/Natural Processes$3https://scigraph.springernature.com/ontologies/product-market-codes/U21006 606 $aMoral Philosophy$3https://scigraph.springernature.com/ontologies/product-market-codes/E41000 606 $aSocial History$3https://scigraph.springernature.com/ontologies/product-market-codes/724000 608 $aElectronic books. 615 0$aPhilosophy of nature. 615 0$aEconomic development?Environmental aspects. 615 0$aConservation biology. 615 0$aEcology . 615 0$aGeoecology. 615 0$aEnvironmental geology. 615 0$aEthics. 615 0$aSocial history. 615 14$aPhilosophy of Nature. 615 24$aDevelopment and Sustainability. 615 24$aConservation Biology/Ecology. 615 24$aGeoecology/Natural Processes. 615 24$aMoral Philosophy. 615 24$aSocial History. 676 $a113 700 $aLintsen$b Harry$4aut$4http://id.loc.gov/vocabulary/relators/aut$0888233 702 $aVeraart$b Frank$4aut$4http://id.loc.gov/vocabulary/relators/aut 702 $aSmits$b Jan-Pieter$4aut$4http://id.loc.gov/vocabulary/relators/aut 702 $aGrin$b John$4aut$4http://id.loc.gov/vocabulary/relators/aut 801 0$bMiAaPQ 801 1$bMiAaPQ 801 2$bMiAaPQ 906 $aBOOK 912 $a9910300635003321 996 $aWell-being, Sustainability and Social Development$91984140 997 $aUNINA LEADER 03299nam 22004213 450 001 9910148785303321 005 20230808200305.0 010 $a0-316-31134-0 010 $a0-316-27673-1 035 $a(CKB)3710000000922898 035 $a(MiAaPQ)EBC6905117 035 $a(Au-PeEL)EBL6905117 035 $a(EXLCZ)993710000000922898 100 $a20220407d2016 uy 0 101 0 $aeng 135 $aurcnu|||||||| 181 $ctxt$2rdacontent 182 $cc$2rdamedia 183 $acr$2rdacarrier 200 10$aOpen Letter $eOn Blasphemy, Islamophobia, and the True Enemies of Free Expression 210 1$aNew York :$cLittle Brown & Company,$d2016. 210 4$d©2016. 215 $a1 online resource (44 pages) 311 $a0-316-31133-2 327 $aIslamophobia is the new racism -- Faith is submission. To believe is, above all, to fear ; Being afraid is right ; All currents of thought may be criticized ; God is big enough to take care of himself -- Elitism, condescension, and infantilization. Journalists promoting Islamophobia ; The Muhammad cartoons ; Politics promoting Islamophobia ; An elite who infantilizes Muslims in the name of the struggle against Islamophobia -- Heroes in the struggle against Charlie Hebdo's so-called Islamophobia. Lawsuits and the clowns who file them ; Organizations misdirecting their indignation ; Top billing -- Freedom of expression and the butterfly effect. Respect raised to the level of first principle ; Caution and cowardice promoting Islamophobia -- Toward the definition of a promising concept. Jealous Catholics ; What about Judeophobia? ; There's no such thing as anti-republican blasphemy! -- And what about atheophobia in all this? 330 $aOn January 7, 2015, two gunmen stormed the offices of the French satirical newspaper Charlie Hebdo. They took the lives of twelve men and women, but they called for one man by name: "Charb": Ste?phane Charbonnier, editor in chief. He had finished this book just two days before his murder on the very issues at the heart of the attacks: blasphemy, Islamophobia, and the necessary courage of satirists. 330 $a"On January 7, 2015, two gunmen stormed the offices of the French satirical newspaper Charlie Hebdo. They took the lives of twelve men and women, but they called for one man by name: "Charb." Known by his pen name, Ste?phane Charbonnier was editor in chief of Charlie Hebdo, an outspoken critic of religious fundamentalism, and a renowned political cartoonist in his own right. In the past, he had received death threats and had even earned a place on Al Qaeda's "Most Wanted List." On January 7 it seemed that Charb's enemies had finally succeeded in silencing him. But in a twist of fate befitting Charb's defiant nature, it was soon revealed that he had finished a book just two days before his murder on the very issues at the heart of the attacks: blasphemy, Islamophobia, and the necessary courage of satirists." -- Publisher's description. 676 $a297.5695 700 $aGopnik$b Adam$0696643 701 $aCharb$01219163 712 02$aLittle, Brown and Company, 801 0$bMiAaPQ 801 1$bMiAaPQ 801 2$bMiAaPQ 906 $aBOOK 912 $a9910148785303321 996 $aOpen Letter$92819206 997 $aUNINA